000 01006nam a22003137a 4500
001 BR8107505
003 BR-BrBNA
005 20230928091120.0
007 ta
008 230509b bl.||||| |||| 00| 0 por d
040 _aBR-BrBNA
_bpor
_cBiblioteca Nacional de Agricultura
041 _a(Por)
072 _aE30; E10
_b/G514
090 _ E30 BR8107505
110 1 _aGoverno do Estado do Rio Grande do Sul, Porto Alegre (Brasil)
_95400
245 1 _aProjeto Integrado de Promocao de Agricultores de Baixa Renda - PRO-RENDA. v. 4 o projeto. pt. 5. Subprojeto de assentamentos agrarios [Rio Grande do Sul, Brasil]
260 3 _aPorto Alegre, RS (Brasil):
_c1981.
300 _a83 p.
500 _a30 tables
650 _aPROJETO DE DESENVOLVIMENTO
650 _aDESENVOLVIMENTO RURAL
650 _aDESENVOLVIMENTO AGRICOLA
650 _aPOSSE DE TERRA
650 _aCREDITO RURAL
650 _aCUSTO
650 _aRIO GRANDE DO SUL
909 _a202309
_bLucia
_c55
_dLucia Elande
942 _cBK
999 _c32296
_d32296